00490nam a2200193 a 4500001001300000003000900013005001700022008004100039020001000080082001500090100001500105245003700120260004800157300000800205500003500213505001900248650001400267700001500281nice12345678IN_TiNIC20260116011835.0050524s1933 laha grp 000 0 urd  ac10000a232.3bLUC aLucas, J J aHaqiqi Shaheedb the True Martyr aLahorebPunjab Religious Booksociety c1933 a31p aincludes index and biblioraphy2 aReserve copies aAtonement1 aLucas, J J